Vuur over 't land, (Record no. 4130)

MARC details
000 -LEADER
fixed length control field 00604cam a22002051 4500
001 - CONTROL NUMBER
control field af 48000596
003 - CONTROL NUMBER IDENTIFIER
control field DLC
005 - DATE AND TIME OF LATEST TRANSACTION
control field 20260227110844.0
008 - FIXED-LENGTH DATA ELEMENTS--GENERAL INFORMATION
fixed length control field 890504s1945 be a 000 1 dut c
010 ## - LIBRARY OF CONGRESS CONTROL NUMBER
LC control number af 48000596
035 ## - SYSTEM CONTROL NUMBER
System control number (OCoLC)19657359
040 ## - CATALOGING SOURCE
Original cataloging agency California. Univ. Libr.
Transcribing agency CU
Modifying agency DLC
042 ## - AUTHENTICATION CODE
Authentication code premarc
050 00 - LIBRARY OF CONGRESS CALL NUMBER
Classification number PT6434.L4
Item number V8
100 1# - MAIN ENTRY--PERSONAL NAME
Personal name Laer, Josephus van,
Dates associated with a name 1908-
245 10 - TITLE STATEMENT
Title Vuur over 't land,
Remainder of title naar het Oorlogsdagboek van St. de Rijck.
260 ## - PUBLICATION, DISTRIBUTION, ETC.
Place of publication, distribution, etc. [Antwerpen]
Name of publisher, distributor, etc. Kajotters uitgaven
Date of publication, distribution, etc. [1945?]
300 ## - PHYSICAL DESCRIPTION
Extent 144 p.
Other physical details illus.
Dimensions 18 cm.
650 #0 - SUBJECT ADDED ENTRY--TOPICAL TERM
Topical term or geographic name entry element World War, 1939-1945
Form subdivision Fiction.

No items available.

Powered by Koha